|
|
|
|
| LEADER |
00000nab a2200000 a 4500 |
| 001 |
vtls000013415 |
| 003 |
SK-MaSNL |
| 005 |
20260304061658.0 |
| 008 |
250422c1978 xo 0 slo |
| 015 |
|
|
|a SNBRB19rr/mm-uuuuu
|
| 035 |
|
|
|a CL0023509
|
| 035 |
|
|
|a urn:nbn:sk:snk-ab2u1v
|
| 035 |
|
|
|a (urnnbn)urn:nbn:sk:snk:ar-a02xyy
|
| 035 |
|
|
|a (uuid)2186258a-b097-45c5-ac90-c08374f2f8bd
|
| 040 |
|
|
|a SNKBUCL
|b slo
|c SNKBUCL
|e AACR2
|
| 041 |
0 |
|
|a eng
|
| 044 |
|
|
|a xo
|c SK
|
| 080 |
|
|
|a 159.9
|2 1981
|
| 100 |
1 |
|
|a Zinchenko, V. P.
|4 aut
|9 1346287
|
| 245 |
1 |
0 |
|a Object and tasks of ergonomics
|c V. P. Zinchenko, V. M. Minipov ; V. M. Munipov, P. Tkáč
|
| 300 |
|
|
|b Res. angl., rus.
|
| 650 |
0 |
7 |
|a ergonómia
|2 snkbucl
|9 19132
|
| 655 |
|
7 |
|a články z novín a časopisov
|2 snkbucl
|9 267496
|
| 700 |
1 |
|
|a Tkáč, P.
|4 trl
|9 827926
|
| 700 |
1 |
|
|a Minipov, V. M.
|4 aut
|9 1346288
|
| 700 |
1 |
|
|a Munipov, V. M.
|4 aut
|9 1346289
|
| 773 |
0 |
|
|t Studia psychologica
|g Roč. 20, č. 3 (1978), s. 154-163
|
| 850 |
|
|
|a Slovenská národná knižnica
|
| 852 |
|
|
|a Slovenská národná knižnica
|
| 958 |
|
|
|a article27
|
| 958 |
|
|
|a RK
|
| 958 |
|
|
|a OND
|
| 958 |
|
|
|a EUIPO
|
| 992 |
|
|
|a RBX
|
| 999 |
|
|
|c 2734331
|d 2736261
|